<?xml version="1.0" encoding="UTF-8"?>
<record
    xmlns:xsi="http://www.w3.org/2001/XMLSchema-instance"
    xsi:schemaLocation="http://www.loc.gov/MARC21/slim http://www.loc.gov/standards/marcxml/schema/MARC21slim.xsd"
    xmlns="http://www.loc.gov/MARC21/slim">

  <leader>01579nam a22003857a 4500</leader>
  <controlfield tag="001">BRCA_9356</controlfield>
  <controlfield tag="003">FranzMayer</controlfield>
  <controlfield tag="005">20230918111945.0</controlfield>
  <controlfield tag="008">230918b        |||||||| |||| 00| 0 eng d</controlfield>
  <datafield tag="040" ind1=" " ind2=" ">
    <subfield code="a">MFM</subfield>
    <subfield code="b">ESPA&#xD1;OL</subfield>
    <subfield code="c">MFM</subfield>
  </datafield>
  <datafield tag="050" ind1=" " ind2="0">
    <subfield code="a">PQ6075</subfield>
    <subfield code="b">G63 1978</subfield>
  </datafield>
  <datafield tag="110" ind1="1" ind2=" ">
    <subfield code="4">Responsable</subfield>
    <subfield code="a">Gobierno del estado de Campeche</subfield>
    <subfield code="b">Dirreci&#xF3;n general de cultura popular y secretaria de educaci&#xF3;n publica</subfield>
    <subfield code="9">29830</subfield>
  </datafield>
  <datafield tag="240" ind1=" " ind2=" ">
    <subfield code="a">Los ni&#xF1;os de Campeche cantan y juegan</subfield>
    <subfield code="l">Espa&#xF1;ol</subfield>
  </datafield>
  <datafield tag="245" ind1="0" ind2=" ">
    <subfield code="a">Los ni&#xF1;os de Campeche cantan y juegan</subfield>
  </datafield>
  <datafield tag="260" ind1=" " ind2=" ">
    <subfield code="a">M&#xE9;xico</subfield>
    <subfield code="b">SEP</subfield>
    <subfield code="c">1978</subfield>
  </datafield>
  <datafield tag="300" ind1=" " ind2=" ">
    <subfield code="a">79 p</subfield>
    <subfield code="b">Ilustraciones a color</subfield>
    <subfield code="c">20 cm</subfield>
  </datafield>
  <datafield tag="505" ind1=" " ind2=" ">
    <subfield code="a">Texto en: espa&#xF1;olIncluye &#xED;ndice tem&#xE1;ticoIncluye presentaci&#xF3;nDirigido a; poetas y m&#xFA;sicos </subfield>
  </datafield>
  <datafield tag="650" ind1="1" ind2=" ">
    <subfield code="2">Poes&#xED;a</subfield>
    <subfield code="a">Poes&#xED;a en espa&#xF1;ol</subfield>
    <subfield code="v">Poes&#xED;a musical </subfield>
    <subfield code="9">29831</subfield>
  </datafield>
  <datafield tag="651" ind1="2" ind2=" ">
    <subfield code="2">M&#xE9;xico</subfield>
    <subfield code="a">Campeche</subfield>
    <subfield code="v">Poemas mexicanos</subfield>
    <subfield code="9">29832</subfield>
  </datafield>
  <datafield tag="700" ind1="1" ind2=" ">
    <subfield code="4">Recop.</subfield>
    <subfield code="a">Moedano, Gabriel</subfield>
    <subfield code="9">29833</subfield>
  </datafield>
  <datafield tag="700" ind1="1" ind2=" ">
    <subfield code="4">Recop.</subfield>
    <subfield code="a">Reuter, Jas</subfield>
    <subfield code="9">29834</subfield>
  </datafield>
  <datafield tag="700" ind1="1" ind2=" ">
    <subfield code="4">Recop.</subfield>
    <subfield code="a">Schffler, Liliana</subfield>
    <subfield code="9">29835</subfield>
  </datafield>
  <datafield tag="700" ind1="1" ind2=" ">
    <subfield code="4">Ilus.</subfield>
    <subfield code="a">Templeton, Rini</subfield>
    <subfield code="9">29836</subfield>
  </datafield>
  <datafield tag="700" ind1="1" ind2=" ">
    <subfield code="4">Dise&#xF1;o</subfield>
    <subfield code="a">Mart&#xED;n Juez, Fernando</subfield>
    <subfield code="9">29837</subfield>
  </datafield>
  <datafield tag="700" ind1="1" ind2=" ">
    <subfield code="4">Director</subfield>
    <subfield code="a">Reuter, Jas</subfield>
    <subfield code="9">29834</subfield>
  </datafield>
  <datafield tag="700" ind1="1" ind2=" ">
    <subfield code="4">Col.</subfield>
    <subfield code="a">Rodriguez Barrera, Rafael</subfield>
    <subfield code="9">29838</subfield>
  </datafield>
  <datafield tag="700" ind1="1" ind2=" ">
    <subfield code="4">Col.</subfield>
    <subfield code="a">Rodriguez Barrera, Socorro</subfield>
    <subfield code="9">29839</subfield>
  </datafield>
  <datafield tag="700" ind1="1" ind2=" ">
    <subfield code="4">Col</subfield>
    <subfield code="a">Escalante y Escalante, Enrique</subfield>
    <subfield code="9">29840</subfield>
  </datafield>
  <datafield tag="700" ind1="1" ind2=" ">
    <subfield code="4">Col.</subfield>
    <subfield code="a">Rodr&#xED;guez Lara, Francisco</subfield>
    <subfield code="9">29841</subfield>
  </datafield>
  <datafield tag="700" ind1="1" ind2=" ">
    <subfield code="4">Col</subfield>
    <subfield code="a">Lara de Rull&#xE1;n, Rosa Mar&#xED;a</subfield>
    <subfield code="9">29842</subfield>
  </datafield>
  <datafield tag="700" ind1="1" ind2=" ">
    <subfield code="4">Col</subfield>
    <subfield code="a">Brito Herrera, Gonzalo</subfield>
    <subfield code="9">29843</subfield>
  </datafield>
  <datafield tag="700" ind1="1" ind2=" ">
    <subfield code="4">Col.</subfield>
    <subfield code="a">Mijangos, Sof&#xED;a</subfield>
    <subfield code="9">29844</subfield>
  </datafield>
  <datafield tag="700" ind1="1" ind2=" ">
    <subfield code="4">Col.</subfield>
    <subfield code="a">Solana, Fernardo</subfield>
    <subfield code="9">29845</subfield>
  </datafield>
  <datafield tag="942" ind1=" " ind2=" ">
    <subfield code="2">lcc</subfield>
    <subfield code="c">B</subfield>
  </datafield>
  <datafield tag="999" ind1=" " ind2=" ">
    <subfield code="c">11068</subfield>
    <subfield code="d">11068</subfield>
  </datafield>
  <datafield tag="952" ind1=" " ind2=" ">
    <subfield code="0">0</subfield>
    <subfield code="1">0</subfield>
    <subfield code="2">lcc</subfield>
    <subfield code="4">0</subfield>
    <subfield code="7">0</subfield>
    <subfield code="8">FCON</subfield>
    <subfield code="a">BRCA</subfield>
    <subfield code="b">BRCA</subfield>
    <subfield code="d">2023-09-18</subfield>
    <subfield code="l">0</subfield>
    <subfield code="o">PQ6075 G63 1978</subfield>
    <subfield code="p">CONT10222</subfield>
    <subfield code="r">2023-09-18 00:00:00</subfield>
    <subfield code="w">2023-09-18</subfield>
    <subfield code="y">B</subfield>
  </datafield>
</record>
